000 00253nam a2200097Ia 4500
001 1170357
005 20251202145548.0
008 250824s9999 xx 000 0 und d
245 0 _aSİS OLSA DAĞILIR
_cAHMET MELİH KARAUĞUZ
260 _bKETEBE YAYINLARI
999 _c1170357
_d1170357